Industrial development in West Malaysia, 1968 /
Shranjeno v:
| Glavni avtor: | |
|---|---|
| Format: | Sách giấy |
| Jezik: | English |
| Izdano: |
Arizona :
Arizona State University Tempe,
1972.
|
| Oznake: |
Označite
Brez oznak, prvi označite!
|
| Thư viện lưu trữ: | Thư viện Trường Đại học Đà Lạt |
|---|
| LEADER | 00674nam a2200277 4500 | ||
|---|---|---|---|
| 001 | DLU180187372 | ||
| 005 | ##20180926 | ||
| 040 | # | # | |a DLU |b eng |
| 041 | # | # | |a eng |
| 044 | # | # | |a us |
| 082 | # | # | |a 338.959 5 |b MC-W |
| 100 | # | # | |a McTaggart, W. Donald. |
| 245 | # | # | |a Industrial development in West Malaysia, 1968 / |c W. Donald McTaggart. |
| 260 | # | # | |a Arizona : |b Arizona State University Tempe, |c 1972. |
| 300 | # | # | |a 65 p. : |b ill. ; |c 28 cm. |
| 923 | # | # | |a 100/2010 |
| 991 | # | # | |a SH |
| 992 | # | # | |a 0 |
| 994 | # | # | |a DLU |
| 900 | # | # | |a True |
| 911 | # | # | |a Nguyễn Thanh Hương |
| 925 | # | # | |a G |
| 926 | # | # | |a A |
| 927 | # | # | |a SH |
| 980 | # | # | |a Thư viện Trường Đại học Đà Lạt |